Statistics for Homestuck date.

Click here to take the quiz!

General Stats

  • This quiz has been taken 37 times
  • The average score is 12 of 12

Answer Stats

Hint Answer % Correct
NO.Karkat
100%
Wanna role play!? Or venture my hive?Nepeta
100%
I might be a bit ...pushy, but you better get to know me before you judge me.Vriska
97%
nyeh.Eridan
97%
Don't really care what you look like, as long as you have red on you.Terezi
97%
On our first date, we better wear something classy.Kanaya
97%
I've been bored lately, kinda dead you know? Hah.. ribbit.Aradia
97%
I bought you flowers, will you bee mine?Sollux
97%
Hi! I'd love to play with you, you like card games?Tavros
97%
Food on me! Just don't pick sushi.Feferi
94%
Milk?Equius
94%
Eyy, sup pretty? Wanna eat some pie??Gamzee
94%

Score Distribution

Percentile by Number Answered

Percent of People with Each Score

Your Score History

You have not taken this quiz